000 00518nam a2200229Ia 4500
008 160803s9999 xx 000 0 und d
020 _a978-0590554091
100 _aPierce, Tamora
245 _aTris's book /
245 _cTamora Pierce.
260 _aNew York :
260 _bScholastic Inc.
260 _c1998
300 _a251 pages :
300 _bmaps ;
300 _c18 cm.
440 _aCircle of magic ;
440 _vbk. 2.
650 _aMagic --
650 _xFiction.
700 _a730
999 _c298604
_d298604